<?xml version="1.0" encoding="UTF-8"?>
<collection xmlns="http://www.loc.gov/MARC21/slim">
 <record>
  <leader>00534pamaa2200157   4500</leader>
  <controlfield tag="001">0000038704</controlfield>
  <controlfield tag="005">20080313090000.0</controlfield>
  <datafield tag="020" ind1="0" ind2="0">
   <subfield code="a">00538881062 </subfield>
  </datafield>
  <datafield tag="090" ind1="0" ind2="0">
   <subfield code="a">HD30.22 </subfield>
   <subfield code="b">MCG 1999</subfield>
  </datafield>
  <datafield tag="100" ind1="1" ind2="0">
   <subfield code="a">McGuigan </subfield>
  </datafield>
  <datafield tag="245" ind1="1" ind2="0">
   <subfield code="a">Managerial economics : </subfield>
   <subfield code="b">applications, strategy and tactics  </subfield>
   <subfield code="c">James R. McGuigan, R. Charles Moyer, Frederick H. Deb. Harris.</subfield>
  </datafield>
  <datafield tag="260" ind1="0" ind2="0">
   <subfield code="a">Cincinnati: </subfield>
   <subfield code="b">South-Western College, </subfield>
   <subfield code="c">1999.</subfield>
  </datafield>
  <datafield tag="300" ind1=" " ind2=" ">
   <subfield code="a">xv,  786p.: </subfield>
   <subfield code="b">ill.; </subfield>
   <subfield code="c">24cm.</subfield>
  </datafield>
  <datafield tag="650" ind1="0" ind2="0">
   <subfield code="a">Managerial economics </subfield>
  </datafield>
  <datafield tag="700" ind1="1" ind2="1">
   <subfield code="a">Moyer, </subfield>
   <subfield code="h">R. Charles </subfield>
  </datafield>
  <datafield tag="700" ind1="1" ind2="1">
   <subfield code="a">Harris, </subfield>
   <subfield code="h">Frederick H. Deb </subfield>
  </datafield>
 </record>
</collection>
